000032967 001__ 32967 000032967 005__ 20170831220723.0 000032967 037__ $$aGDOC-2014-0158 000032967 041__ $$aspa 000032967 100__ $$aPardo Diez, María Jesús 000032967 24500 $$925408$$aMetodología de investigación 000032967 260__ $$aZaragoza$$bUniversidad de Zaragoza$$c2014-2015 000032967 520__ $$aSe espera que el alumnado aprenda los conceptos básicos de salud y de Salud Pública, junto con la evolución histórica de ambos. Se desarrollarán los conceptos claves que permitan la investigación en salud, entre los que incluimos el proceso de salud y enfermedad y sus determinantes, las propuestas de la OMS en Salud Pública tanto en la estrategia Salud para Todos como en Atención Primaria, la situación actual de salud en España y en Aragón, y el significado de interdisciplinariedad y de interculturalidad. Se dotará al alumnado de las herramientas necesarias para aplicar un diseño de investigación en ciencias de la salud, a través del método científico y utilizando como fuentes de información documentación bibliográfica obtenida de bases de datos científicas. Todo ello desde el marco conceptual de investigación en el que aprenderán a definir preguntas de investigación en estudios epidemiológicos descriptivos analíticos y experimentales y en estudios cualitativos. Todo ello con una escritura científica. 000032967 521__ $$9101$$aGraduado en Enfermería 000032967 540__ $$aby-nc-sa$$bCreative Commons$$c3.0$$uhttp://creativecommons.org/licenses/by-nc-sa/3.0/ 000032967 700__ $$aValdearcos Enguidanos, Santiago 000032967 700__ $$0(orcid)0000-0003-0454-653X$$aMoreno Aznar, Luis Alberto 000032967 700__ $$aCabre Verdu, Mª Montserrat 000032967 700__ $$aAyensa Vázquez, José Ángel 000032967 830__ $$9273 000032967 830__ $$9280 000032967 830__ $$9281 000032967 8564_ $$s116316$$uhttps://zaguan.unizar.es/record/32967/files/guia.pdf$$yGuía (idioma español) 000032967 980__ $$aGDOC$$bCiencias de la salud$$c127 000032967 980__ $$aGDOC$$bCiencias de la salud$$c275 000032967 980__ $$aGDOC$$bCiencias de la salud$$c375